000
00280nam a22001337a 4500
008
181005b xxu||||| |||| 00| 0 eng d
020
_a
9781429231848
041
_a
eng
080
_a
510
100
_a
37
101
_a
MAT
245
_a
Calculus
_c
Rogawski.J
942
_2
udc
_c
BK
999
_c
48885
_d
48885